[Event "BPB Limburg-open veteranen"]
[Site "Maastricht"]
[Date "2015.05.22"]
[Round "1"]
[White "De Kleijnen, Henk"]
[Black "Arp, Frans"]
[Result "0-1"]
[WhiteElo "1852"]
[BlackElo "2048"]
[PlyCount "102"]
[EventDate "2015.05.22"]
[EventType "swiss"]
[EventRounds "5"]
[EventCountry "NED"]
[Source "P.Boonen"]
[SourceDate "2015.01.01"]

1. d4 Nf6 2. Nf3 g6 3. c4 Bg7 4. Nc3 O-O 5. e4 d6 6. Be2 e5 7. dxe5 dxe5 8.
Qxd8 Rxd8 9. O-O Nc6 10. Bg5 Re8 11. Bxf6 Bxf6 12. Nd5 Bd8 13. h3 Nd4 14. Nxd4
exd4 15. Bd3 c6 16. Nf4 Bc7 17. Ne2 c5 18. f4 f5 19. Ng3 Ba5 20. Rf2 Bd7 21.
Re2 a6 22. Rf1 b5 23. Rff2 Be6 24. b3 bxc4 25. bxc4 Bd7 26. exf5 Be1 27. fxg6
Bxf2+ 28. Kxf2 Rxe2+ 29. Kxe2 hxg6 30. Ne4 Bc6 31. Nxc5 Bxg2 32. Nb3 Kf7 33.
Nxd4 Rd8 34. Nc2 Bxh3 35. Nb4 Re8+ 36. Kf3 Rd8 37. Ke2 Kf6 38. Nxa6 Bf1+ 39.
Kxf1 Rxd3 40. Nb4 Rd4 41. Ke2 Rxc4 42. Nd3 Ra4 43. Ke3 Rxa2 44. Ke4 Ra4+ 45.
Kf3 Kf5 46. Ke3 Ra3 47. Kd4 Rxd3+ 48. Kxd3 Kxf4 49. Ke2 Kg3 50. Kf1 g5 51. Kg1
g4 0-1

[Event "BPB Limburg-open veteranen"]
[Site "Maastricht"]
[Date "2015.05.22"]
[Round "1"]
[White "Schmitz, Martin"]
[Black "Debusschere, Helmut"]
[Result "1-0"]
[WhiteElo "1933"]
[BlackElo "1700"]
[PlyCount "43"]
[EventDate "2015.05.22"]
[EventType "swiss"]
[EventRounds "5"]
[EventCountry "NED"]
[Source "P.Boonen"]
[SourceDate "2015.01.01"]

1. e4 c5 2. Nf3 Nc6 3. d4 cxd4 4. Nxd4 e5 5. Nf3 Nf6 6. Nc3 Be7 7. Bd3 O-O 8.
O-O d6 9. h3 h6 10. Be3 Be6 11. a3 a6 12. Nh2 Rc8 13. Ne2 Kh8 14. f4 exf4 15.
Nxf4 Ne5 16. Nf3 Nxd3 17. cxd3 Bd7 18. Qb3 b5 19. Rac1 Nh7 20. e5 Bc6 21. e6
Bxf3 22. exf7 1-0

[Event "BPB Limburg-open veteranen"]
[Site "Maastricht"]
[Date "2015.05.22"]
[Round "1"]
[White "De Wit, Gerrit"]
[Black "Hoelting, Siegfried"]
[Result "1/2-1/2"]
[WhiteElo "1641"]
[BlackElo "1913"]
[PlyCount "28"]
[EventDate "2015.05.22"]
[EventType "swiss"]
[EventRounds "5"]
[EventCountry "NED"]
[Source "P.Boonen"]
[SourceDate "2015.01.01"]

1. e4 e5 2. Nf3 Nc6 3. Bb5 Nf6 4. Bxc6 dxc6 5. d3 Qd6 6. Nbd2 Bg4 7. b3 Nd7 8.
Bb2 f6 9. Nc4 Qe6 10. Ne3 Bc5 11. Qe2 O-O-O 12. O-O-O Nb6 13. h3 Bh5 14. Nf5
Rhg8 {.....} 1/2-1/2

[Event "BPB Limburg-open veteranen"]
[Site "Maastricht"]
[Date "2015.05.22"]
[Round "1"]
[White "Bieberle, Gerhart"]
[Black "Van Pol, Thieu"]
[Result "1-0"]
[WhiteElo "1910"]
[BlackElo "1619"]
[PlyCount "74"]
[EventDate "2015.05.22"]
[EventType "swiss"]
[EventRounds "5"]
[EventCountry "NED"]
[Source "P.Boonen"]
[SourceDate "2015.01.01"]

1. d4 Nf6 2. g3 e6 3. Bg2 d5 4. Nd2 g6 5. a4 Bg7 6. b4 a6 7. Bb2 O-O 8. Ngf3
Nbd7 9. c4 c6 10. c5 b6 11. a5 bxc5 12. bxc5 Rb8 13. Qc2 Rb5 14. Nb3 Qc7 15.
O-O Qb8 16. Ra3 Ne4 17. Rb1 Nexc5 18. dxc5 Nxc5 19. Bxg7 Kxg7 20. Nfd4 Rxb3 21.
Nxb3 Nxb3 22. Raxb3 Qd6 23. Rb6 Qa3 24. Qb2+ Qxb2 25. R1xb2 c5 26. Kf1 c4 27.
e3 Re8 28. Rc6 Bd7 29. Rc5 Bb5 30. Ke1 Rd8 31. Rcxb5 axb5 32. Rxb5 Ra8 33. Kd2
Kf6 34. Kc3 Ra7 35. e4 Ke5 36. exd5 exd5 37. Bxd5 Kf6 1-0

[Event "BPB Limburg-open veteranen"]
[Site "Maastricht"]
[Date "2015.05.22"]
[Round "1"]
[White "Schreinemachers, Jo"]
[Black "Zimmermann, Michael"]
[Result "0-1"]
[WhiteElo "1470"]
[BlackElo "1860"]
[PlyCount "29"]
[EventDate "2015.05.22"]
[EventType "swiss"]
[EventRounds "5"]
[EventCountry "NED"]
[Source "P.Boonen"]
[SourceDate "2015.01.01"]

1. d4 d5 2. c4 e6 3. Nc3 c6 4. Nf3 f5 5. g3 Bd6 6. Bg2 Nf6 7. O-O Nbd7 8. Bf4
Qe7 9. Bxd6 Qxd6 10. c5 Qe7 11. b4 a6 12. e3 O-O 13. a4 e5 14. b5 e4 15. Nh4 {
.....} 0-1

[Event "BPB Limburg-open veteranen"]
[Site "Maastricht"]
[Date "2015.05.23"]
[Round "2"]
[White "Arp, Frans"]
[Black "Bieberle, Gerhart"]
[Result "0-1"]
[WhiteElo "2048"]
[BlackElo "1910"]
[PlyCount "56"]
[EventDate "2015.05.22"]
[EventType "swiss"]
[EventRounds "5"]
[EventCountry "NED"]
[Source "P.Boonen"]
[SourceDate "2015.01.01"]

1. e4 c5 2. Nf3 d6 3. d4 Nd7 4. e5 Qb6 5. Na3 a6 6. Nc4 Qc6 7. d5 Qc7 8. e6
fxe6 9. dxe6 Ne5 10. Ncxe5 dxe5 11. Ng5 Nf6 12. Nxh7 Rg8 13. Nxf6+ exf6 14. Bc4
Be7 15. O-O b5 16. Bd5 Bb7 17. c4 O-O-O 18. Qf3 bxc4 19. Bxb7+ Qxb7 20. Qxb7+
Kxb7 21. Be3 f5 22. Rad1 f4 23. Bd2 Rd6 24. Bc3 Rxe6 25. Rd7+ Kc6 26. Rfd1 Rd6
27. R1xd6+ Bxd6 28. Ra7 Kb6 {.....} 0-1

[Event "BPB Limburg-open veteranen"]
[Site "Maastricht"]
[Date "2015.05.23"]
[Round "2"]
[White "Zimmermann, Michael"]
[Black "Schmitz, Martin"]
[Result "1-0"]
[WhiteElo "1860"]
[BlackElo "1933"]
[PlyCount "155"]
[EventDate "2015.05.22"]
[EventType "swiss"]
[EventRounds "5"]
[EventCountry "NED"]
[Source "P.Boonen"]
[SourceDate "2015.01.01"]

1. c4 Nf6 2. Nc3 Nc6 3. e4 e5 4. d3 Bc5 5. g3 a6 6. Bg2 d6 7. h3 Be6 8. Nge2 h6
9. O-O Qd7 10. Kh2 Ba7 11. f4 Qe7 12. f5 Bd7 13. g4 Nxg4+ 14. hxg4 Qh4+ 15. Bh3
O-O-O 16. Qe1 Qxe1 17. Rxe1 Nb4 18. Rd1 g6 19. a3 Nc2 20. Rb1 g5 21. Ng3 Nd4
22. Rf1 Nc2 23. Bd2 Be8 24. f6 Bd7 25. Rbc1 Ne3 26. Bxe3 Bxe3 27. Rce1 Bf4 28.
Kg2 Bxg3 29. Kxg3 h5 30. Rh1 h4+ 31. Kh2 c6 32. Rhf1 Be6 33. b4 Rd7 34. Rf2 Kc7
35. Kg2 Kb6 36. Rb1 Rc8 37. Kf3 d5 38. exd5 cxd5 39. Na4+ Kc7 40. Nc5 Rd6 41.
Nxe6+ Rxe6 42. Ke3 dxc4 43. dxc4 Rd8 44. c5 b6 45. Rc1 Rd4 46. cxb6+ Kxb6 47.
Rcc2 Rf4 48. Rc5 Rexf6 49. Rxf4 exf4+ 50. Kf2 Rd6 51. Rxg5 Rd2+ 52. Kg1 Rd3 53.
Bf1 Rxa3 54. Rg7 Rb3 55. Rxf7 Rxb4 56. Rf6+ Kc5 57. Bxa6 Kd5 58. Kf2 Ke5 59.
Rh6 Rb2+ 60. Be2 Ke4 61. Re6+ Kd5 62. Re8 h3 63. Rh8 Rb3 64. Bf3+ Kd4 65. Rxh3
Rb2+ 66. Be2 Ke4 67. Ra3 Rb4 68. Bd3+ Ke5 69. Kf3 Kf6 70. Be4 Kg5 71. Ra5+ Kf6
72. Kxf4 Rb2 73. Ra6+ Kg7 74. Kg5 Rb5+ 75. Bf5 Rb7 76. Rd6 Kh8 77. Rd8+ Kg7 78.
Rd7+ 1-0

[Event "BPB Limburg-open veteranen"]
[Site "Maastricht"]
[Date "2015.05.23"]
[Round "2"]
[White "Hoelting, Siegfried"]
[Black "De Kleijnen, Henk"]
[Result "0-1"]
[WhiteElo "1913"]
[BlackElo "1852"]
[PlyCount "64"]
[EventDate "2015.05.22"]
[EventType "swiss"]
[EventRounds "5"]
[EventCountry "NED"]
[Source "P.Boonen"]
[SourceDate "2015.01.01"]

1. e4 e6 2. d4 d5 3. Nc3 Bb4 4. e5 Qd7 5. Bd2 b6 6. f4 Ba6 7. Be2 Bxe2 8. Ngxe2
c5 9. a3 cxd4 10. Nxd4 Bc5 11. Nce2 Nc6 12. c3 Nh6 13. Rc1 O-O 14. b4 Bxd4 15.
cxd4 Nf5 16. b5 Ncxd4 17. Nxd4 Nxd4 18. Bb4 Rfc8 19. Rxc8+ Rxc8 20. a4 Nc2+ 21.
Kf2 Nxb4 22. Qb3 Qe7 23. Rd1 Qc5+ 24. Kg3 Qc3+ 25. Qxc3 Rxc3+ 26. Kg4 g6 27. g3
Nd3 28. Ra1 Rb3 29. Ra2 Nc5 30. Kg5 Kg7 31. f5 h6+ 32. Kf4 Nd3+ 0-1

[Event "BPB Limburg-open veteranen"]
[Site "Maastricht"]
[Date "2015.05.23"]
[Round "2"]
[White "Van Pol, Thieu"]
[Black "Schreinemachers, Jo"]
[Result "0-1"]
[WhiteElo "1619"]
[BlackElo "1470"]
[PlyCount "62"]
[EventDate "2015.05.22"]
[EventType "swiss"]
[EventRounds "5"]
[EventCountry "NED"]
[Source "P.Boonen"]
[SourceDate "2015.01.01"]

1. d4 d5 2. g3 Nf6 3. Bg2 Bf5 4. a3 e6 5. b4 Nbd7 6. Bb2 Be7 7. Nf3 O-O 8. Nbd2
h6 9. O-O c6 10. c4 dxc4 11. Nxc4 Nb6 12. Nxb6 Qxb6 13. Ne5 Rfd8 14. Re1 Be4
15. f3 Bh7 16. e4 Nd7 17. Nc4 Qc7 18. Qb3 Nb6 19. Nxb6 Qxb6 20. Rad1 a5 21. Bc3
axb4 22. axb4 e5 23. Qb2 exd4 24. Bxd4 Qxb4 25. Bxg7 Qxb2 26. Bxb2 Ra2 27.
Rxd8+ Bxd8 28. Rb1 b5 29. Bd4 Be7 30. Be3 c5 31. Bxh6 c4 {.....} 0-1

[Event "BPB Limburg-open veteranen"]
[Site "Maastricht"]
[Date "2015.05.24"]
[Round "3"]
[White "Bieberle, Gerhart"]
[Black "Zimmermann, Michael"]
[Result "1/2-1/2"]
[WhiteElo "1910"]
[BlackElo "1860"]
[PlyCount "36"]
[EventDate "2015.05.22"]
[EventType "swiss"]
[EventRounds "5"]
[EventCountry "NED"]
[Source "P.Boonen"]
[SourceDate "2015.01.01"]

1. d4 Nf6 2. g3 c6 3. Bg2 g6 4. e4 d6 5. c4 Bg7 6. Nc3 O-O 7. h3 e5 8. d5 cxd5
9. cxd5 b6 10. Nge2 Ba6 11. Bg5 h6 12. Bd2 Nbd7 13. b4 Rc8 14. b5 Bb7 15. h4
Nc5 16. Qb1 Qd7 17. f3 Rc7 18. a4 Bc8 {.....} 1/2-1/2

[Event "BPB Limburg-open veteranen"]
[Site "Maastricht"]
[Date "2015.05.24"]
[Round "3"]
[White "Schmitz, Martin"]
[Black "De Wit, Gerrit"]
[Result "1-0"]
[WhiteElo "1933"]
[BlackElo "1641"]
[PlyCount "105"]
[EventDate "2015.05.22"]
[EventType "swiss"]
[EventRounds "5"]
[EventCountry "NED"]
[Source "P.Boonen"]
[SourceDate "2015.01.01"]

1. e4 c5 2. Nf3 d6 3. d4 cxd4 4. Nxd4 Nf6 5. Nc3 a6 6. h3 e5 7. Nf3 Be7 8. Bc4
O-O 9. O-O Nbd7 10. Be3 b5 11. Bd5 Nxd5 12. Nxd5 Bb7 13. c3 Rc8 14. Qd2 Bxd5
15. Qxd5 Qc7 16. Nd2 Nf6 17. Qb3 h6 18. Rac1 Qb7 19. f3 d5 20. exd5 Nxd5 21.
Bf2 Nf4 22. Rcd1 Qc6 23. Ne4 Qg6 24. Bg3 Ne2+ 25. Kh2 Nxg3 26. Nxg3 Bg5 27. Ne4
Rfd8 28. Rd5 Rxd5 29. Qxd5 Qf5 30. Nd6 Qd7 31. Qxe5 Rd8 32. Ne4 Be7 33. Kg1
Qa7+ 34. Kh1 Bf8 35. Qg3 Kh8 36. Qf2 Qc7 37. Qc2 Be7 38. Rd1 f5 39. Rxd8+ Bxd8
40. Nd2 Qe5 41. Qd1 Bc7 42. Nf1 Qe6 43. a3 Qe5 44. Qd2 Bb6 45. b4 Kh7 46. g3
Kh8 47. Kg2 Kh7 48. Nh2 Qe3 49. Qxe3 Bxe3 50. Nf1 Bc1 51. Kf2 Bxa3 52. Ke2 g5
53. f4 {.....} 1-0

[Event "BPB Limburg-open veteranen"]
[Site "Maastricht"]
[Date "2015.05.24"]
[Round "3"]
[White "De Kleijnen, Henk"]
[Black "Schreinemachers, Jo"]
[Result "1-0"]
[WhiteElo "1852"]
[BlackElo "1470"]
[PlyCount "33"]
[EventDate "2015.05.22"]
[EventType "swiss"]
[EventRounds "5"]
[EventCountry "NED"]
[Source "P.Boonen"]
[SourceDate "2015.01.01"]

1. d4 d5 2. Nf3 Nf6 3. e3 c5 4. c3 Nc6 5. Bd3 e6 6. O-O Bd6 7. Nbd2 O-O 8. Qe2
Qc7 9. e4 dxe4 10. Nxe4 Nxe4 11. Qxe4 g6 12. dxc5 Bxc5 13. Qh4 Be7 14. Qh6 Rd8
15. Ng5 Bxg5 16. Bxg5 Rxd3 17. Bf6 1-0

[Event "BPB Limburg-open veteranen"]
[Site "Maastricht"]
[Date "2015.05.24"]
[Round "3"]
[White "Arp, Frans"]
[Black "Hoelting, Siegfried"]
[Result "0-1"]
[WhiteElo "2048"]
[BlackElo "1913"]
[PlyCount "62"]
[EventDate "2015.05.22"]
[EventType "swiss"]
[EventRounds "5"]
[EventCountry "NED"]
[Source "P.Boonen"]
[SourceDate "2015.01.01"]

1. e4 e5 2. Nf3 Nc6 3. Bb5 Nf6 4. O-O Nxe4 5. d4 exd4 6. Re1 d5 7. Nxd4 Bd6 8.
Qh5 O-O 9. Nxc6 Qf6 10. Qf3 a6 11. Qxf6 Nxf6 12. Ne7+ Bxe7 13. Rxe7 axb5 14.
Rxc7 Re8 15. Kf1 Bf5 16. f3 d4 17. Rc5 Bg6 18. Kf2 d3 19. cxd3 Bxd3 20. Be3 b6
21. Rc3 Bxb1 22. Rxb1 Nd5 23. Rd3 Nxe3 24. Rxe3 Rxe3 25. Kxe3 Rxa2 26. Kd4 Ra4+
27. Kd5 Rc4 28. g4 g5 29. b3 Rc3 30. Ke4 Kg7 31. b4 Kf6 {.....} 0-1

[Event "BPB Limburg-open veteranen"]
[Site "Maastricht"]
[Date "2015.05.25"]
[Round "4"]
[White "Bieberle, Gerhart"]
[Black "Schmitz, Martin"]
[Result "1-0"]
[WhiteElo "1910"]
[BlackElo "1933"]
[PlyCount "124"]
[EventDate "2015.05.22"]
[EventType "swiss"]
[EventRounds "5"]
[EventCountry "NED"]
[Source "P.Boonen"]
[SourceDate "2015.01.01"]

1. d4 Nf6 2. g3 g6 3. Bg2 d5 4. Nd2 Nc6 5. Ngf3 Bf5 6. a3 Bg7 7. b4 Qd7 8. O-O
O-O 9. Bb2 Rfe8 10. Rc1 Bh6 11. e3 Bg4 12. Qe1 a6 13. c4 Bf5 14. Ne5 Nxe5 15.
dxe5 Bd3 16. exf6 Bxf1 17. Qxf1 dxc4 18. Nxc4 Qb5 19. fxe7 Rxe7 20. Qd3 Bg7 21.
Bxg7 Kxg7 22. Qd5 c6 23. Qxb5 axb5 24. Na5 Rd8 25. Ra1 Rd2 26. Nb3 Rd3 27. Nc5
Rc3 28. Bf3 f5 29. Bd1 b6 30. Nb3 c5 31. Nc1 Ra7 32. Kf1 Rcxa3 33. Rxa3 Rxa3
34. Nb3 c4 35. Nd4 Ra1 36. Ke1 c3 37. Ke2 Ra2+ 38. Nc2 Ra7 39. Kd3 Rc7 40. Be2
Kf6 41. Kd4 g5 42. Bxb5 h5 43. Bc4 h4 44. b5 hxg3 45. hxg3 Rh7 46. Kxc3 Rh2 47.
f3 Rh3 48. f4 g4 49. Nb4 Rxg3 50. Nd5+ Kg6 51. Kd2 Rg2+ 52. Ke1 Rc2 53. Bd3
Rc1+ 54. Kd2 Ra1 55. Ne7+ Kh5 56. Nxf5 Rg1 57. e4 g3 58. Be2+ Kg6 59. Ke3 Kf6
60. Kf3 g2 61. Ne3 Rf1+ 62. Kxg2 Rxf4 1-0

[Event "BPB Limburg-open veteranen"]
[Site "Maastricht"]
[Date "2015.05.25"]
[Round "4"]
[White "Zimmermann, Michael"]
[Black "De Kleijnen, Henk"]
[Result "1/2-1/2"]
[WhiteElo "1860"]
[BlackElo "1852"]
[PlyCount "95"]
[EventDate "2015.05.22"]
[EventType "swiss"]
[EventRounds "5"]
[EventCountry "NED"]
[Source "P.Boonen"]
[SourceDate "2015.01.01"]

1. c4 e6 2. g3 Nf6 3. Bg2 d5 4. d4 Be7 5. b3 O-O 6. Nf3 Nbd7 7. c5 a5 8. e3 c6
9. Qc2 b6 10. cxb6 Qxb6 11. O-O Bb7 12. Nc3 Rfc8 13. Na4 Qd8 14. Bb2 c5 15. Qd1
c4 16. Nc3 Ba6 17. Re1 Bb4 18. Rc1 Ne4 19. Nd2 Nxd2 20. Qxd2 cxb3 21. axb3 Rab8
22. Bf1 Bxf1 23. Kxf1 Nf6 24. f3 Qb6 25. Rb1 Rc6 26. Rec1 Rbc8 27. Qd3 Qd8 28.
Na4 h6 29. Ke2 Kf8 30. Bc3 Qd6 31. Bxb4 axb4 32. Kd2 h5 33. Rxc6 Rxc6 34. Nc5
h4 35. Rg1 Ke7 36. Ke2 Nd7 37. Na4 g6 38. f4 Qc7 39. Kd2 hxg3 40. hxg3 Nf6 41.
Nc5 Qa5 42. Rc1 Ne4+ 43. Nxe4 dxe4 44. Qxe4 Rxc1 45. Kxc1 Qa3+ 46. Kd2 Qxb3 47.
Qc2 Qa3 48. Qc5+ 1/2-1/2

[Event "BPB Limburg-open veteranen"]
[Site "Maastricht"]
[Date "2015.05.25"]
[Round "4"]
[White "Hoelting, Siegfried"]
[Black "Van Pol, Thieu"]
[Result "1-0"]
[WhiteElo "1913"]
[BlackElo "1619"]
[PlyCount "118"]
[EventDate "2015.05.22"]
[EventType "swiss"]
[EventRounds "5"]
[EventCountry "NED"]
[Source "P.Boonen"]
[SourceDate "2015.01.01"]

1. e4 d5 2. exd5 Qxd5 3. d4 c6 4. Nf3 Nf6 5. h3 Bf5 6. Be3 Qa5+ 7. c3 e6 8. Be2
Nbd7 9. O-O Bd6 10. Nbd2 Qc7 11. Nc4 Bf4 12. a4 Bxe3 13. Nxe3 Bg6 14. Re1 O-O
15. Nc4 Rfd8 16. Qc1 h6 17. Nce5 Nxe5 18. Nxe5 Bh7 19. Bf3 Nd7 20. b4 Nxe5 21.
Rxe5 Rd6 22. Qb2 Rad8 23. Rae1 Qc8 24. Qb3 Kh8 25. Qa3 f6 26. R5e3 f5 27. Re5
Qd7 28. Qa2 Re8 29. Qa3 Bg8 30. b5 cxb5 31. axb5 a6 32. bxa6 Rxa6 33. Qb2 Ra7
34. Qb4 Qc7 35. d5 Ra6 36. c4 Qe7 37. c5 b6 38. Qb5 Ra5 39. Qxb6 Qxc5 40. Qxc5
Rxc5 41. Rxf5 Rd8 42. Rfe5 exd5 43. Rd1 Ra5 44. Kf1 Bf7 45. Bh5 g6 46. Bf3 Kg7
47. Bg4 Kf6 48. Rde1 Rda8 49. Be6 Ra1 50. Bxf7 Rxe1+ 51. Rxe1 Kxf7 52. Re5 Rd8
53. f4 Kf6 54. h4 Rd6 55. Kf2 h5 56. Ke3 d4+ 57. Kd3 Rd7 58. g3 Rd8 59. Re4 Kf5
{.....} 1-0

[Event "BPB Limburg-open veteranen"]
[Site "Maastricht"]
[Date "2015.05.25"]
[Round "5"]
[White "De Kleijnen, Henk"]
[Black "Bieberle, Gerhart"]
[Result "1/2-1/2"]
[WhiteElo "1852"]
[BlackElo "1910"]
[PlyCount "29"]
[EventDate "2015.05.22"]
[EventType "swiss"]
[EventRounds "5"]
[EventCountry "NED"]
[Source "P.Boonen"]
[SourceDate "2015.01.01"]

1. d4 d5 2. Nf3 Nf6 3. e3 e6 4. Nbd2 c5 5. c3 a6 6. a4 cxd4 7. exd4 b6 8. Bd3
Bb7 9. Ne5 Nbd7 10. Ndf3 h6 11. Qe2 Be7 12. O-O Ne4 13. Nxd7 Qxd7 14. Ne5 Qd8
15. f4 1/2-1/2

[Event "BPB Limburg-open veteranen"]
[Site "Maastricht"]
[Date "2015.05.25"]
[Round "5"]
[White "Zimmermann, Michael"]
[Black "Hoelting, Siegfried"]
[Result "1-0"]
[WhiteElo "1860"]
[BlackElo "1913"]
[PlyCount "113"]
[EventDate "2015.05.22"]
[EventType "swiss"]
[EventRounds "5"]
[EventCountry "NED"]
[Source "P.Boonen"]
[SourceDate "2015.01.01"]

1. e4 e5 2. c4 Nc6 3. Nc3 Nf6 4. g3 Bc5 5. h3 d6 6. Bg2 O-O 7. Nge2 Be6 8. d3
h6 9. O-O a6 10. Kh2 Nd4 11. f4 exf4 12. gxf4 c6 13. Nxd4 Bxd4 14. Ne2 Qb6 15.
Nxd4 Qxd4 16. Qe2 Qb6 17. Be3 Qc7 18. b3 Nh7 19. f5 Bd7 20. Bf4 Rfe8 21. Qf2
Rad8 22. c5 Qc8 23. Bxd6 f6 24. Bf3 Ng5 25. Bh5 Nf7 26. Bf4 Re7 27. Bxf7+ Rxf7
28. Qg3 Kh8 29. Qg6 Be8 30. Qg3 Qd7 31. Bd6 b6 32. d4 Qb7 33. Rae1 bxc5 34.
dxc5 Qb4 35. Re2 Rfd7 36. e5 fxe5 37. Rfe1 Bh5 38. Rxe5 Qd2+ 39. Qg2 Qf4+ 40.
Kg1 Qf3 41. Qxf3 Bxf3 42. Re8+ Kh7 43. Kf2 Bd5 44. Kg3 a5 45. Rxd8 Rxd8 46. Re7
Rf8 47. Kf4 Rf7 48. Ke5 Rxe7+ 49. Bxe7 a4 50. bxa4 Bxa2 51. Kd6 Bd5 52. h4 Kg8
53. a5 Bc4 54. Kxc6 Kf7 55. Kd6 Bd3 56. c6 Bxf5 57. a6 1-0

[Event "BPB Limburg-open veteranen"]
[Site "Maastricht"]
[Date "2015.05.25"]
[Round "5"]
[White "Schreinemachers, Jo"]
[Black "Arp, Frans"]
[Result "0-1"]
[WhiteElo "1470"]
[BlackElo "2048"]
[PlyCount "22"]
[EventDate "2015.05.22"]
[EventType "swiss"]
[EventRounds "5"]
[EventCountry "NED"]
[Source "P.Boonen"]
[SourceDate "2015.01.01"]

1. d4 Nf6 2. c4 g6 3. Nc3 Bg7 4. e4 d6 5. Nf3 O-O 6. Be2 e5 7. O-O Nc6 8. Be3
Ng4 9. Bg5 f6 10. Bh4 g5 11. Bg3 h5 {.....} 0-1

[Event "BPB Limburg-open veteranen"]
[Site "Maastricht"]
[Date "2015.05.25"]
[Round "5"]
[White "Van Pol, Thieu"]
[Black "De Wit, Gerrit"]
[Result "0-1"]
[WhiteElo "1619"]
[BlackElo "1641"]
[PlyCount "82"]
[EventDate "2015.05.22"]
[EventType "swiss"]
[EventRounds "5"]
[EventCountry "NED"]
[Source "P.Boonen"]
[SourceDate "2015.01.01"]

1. d4 Nf6 2. Bf4 e6 3. Nf3 b6 4. e3 Bb7 5. Nbd2 Nh5 6. Bg5 Be7 7. Bxe7 Qxe7 8.
c3 Nf6 9. Qc2 d6 10. Bd3 Nbd7 11. e4 e5 12. d5 O-O 13. Bb5 Rab8 14. b4 a6 15.
Bc6 Bc8 16. a4 Nh5 17. g3 g6 18. h4 Ndf6 19. O-O-O Ng4 20. Rdf1 Ng7 21. Nh2 h5
22. Nxg4 hxg4 23. f3 Nh5 24. Rhg1 f5 25. fxg4 fxg4 26. Qd3 a5 27. Rxf8+ Qxf8
28. b5 Qe7 29. Qe3 Bd7 30. Qh6 Be8 31. Nc4 Qf6 32. Ne3 Bxc6 33. Nxg4 Qg7 34.
Qxg7+ Kxg7 35. bxc6 Rf8 36. Nh2 Rf2 37. g4 Nf4 38. Kd1 Rxh2 39. h5 Kf6 40. hxg6
Kxg6 41. Rg3 Ra2 {.....} 0-1